01929nam a2200253 a 450000100100000000500170001000800410002702000180006804000250008608200190011110000340013024500980016426001050026230000430036750400740041050400410048450507910052565000550131670000380137104900090140995201170141895201230153599900170165800001625920200929164336.0100302s2008 ve abc 000 0 spa d a9789803192471 aDO-SdBNPbspacBNPHU a027.587bH658h1 aHimiob, Santos,d1960-93632110aHistoria de la Biblioteca Nacional de Venezuela /cSantos Himiob ; prólogo Fernando Báez. aCaracas, Venezuela :bInstituto Autónomo Biblioteca Nacional y de Servicios de Bibliotecas,c2008. a196 p. :bil., maps., retrs. ;c28 cm. aIncluye referencias bibliográficas y notas al pie de las páginas. aIncluye bibliografías (p. 152-158)2 aPrólogo / Fernando Baéz -- Introducción -- La colonización : Inicios de la dominación cultural -- Etapas siglos XV-XVIII (1498-1799) -- Proceso de emancipación venezolana -- Etapa 1800-1830: Propuesta de una biblioteca pública para Caracas -- La biblioteca nacional: Desde su establecimiento hasta la creación de un instituto autónomo -- Etapa 1830-1899: Creación, formación y concreción -- Etapa 1900-1974: Modernización y nuevos espacios -- Etapa 1974-1999: Instituto autónomo vs. crisis económicas -- Etapa 2001-2008: Camino hacia el socialismo del siglo XXI -- A manera de reflexión -- Colecciones y servicios de la biblioteca nacional -- Biblioteca nacional en cifras: Programa de servicios de atención al público -- Bibliografía-- Apéndice. 4aBibliotecas nacionaleszVenezuelaxHistoria9363221 aBáez, Fernando,epról.936307 aBNPD 001050718MOaGRbGRcCTd2010-03-02iLF1l0o027.587 H658hp16259-10r2020-06-25w2020-06-25y1ZNo se presta 001050718MOaGRbGRcCTd2010-03-02iLF1l0o027.587 H658hp16259-20r2020-06-25te. 2w2020-06-25y1ZNo se presta c15796d15796